000 00619nam a2200217Ia 4500
005 20250508160940.0
008 008 250505s9999 xx 000 0 eng d
020 _a0-06-043738-3
037 _aTextual
040 _aFEDL
_beng
_cFEDL
041 _aeng
_2eng
084 _a379.15, KNE
_qFEDL
100 _aKnezevich Stephen J
245 0 _aAdministration of public education
250 _a3
260 _aNew York, USA
_bHarper and Row Publisher
_c1975
300 _axi,620p.
650 _aPublic education - Administration
_9769780
942 _cTEXL
_h379.15, KNE
999 _c1367562
_d1367562